| 000 | 01082nam a22002177a 4500 | ||
|---|---|---|---|
| 003 | SISC | ||
| 005 | 20180131093330.0 | ||
| 008 | 180130b xxu||||| |||| 00| 0 eng d | ||
| 020 | _a9789715084758 | ||
| 050 |
_aPL 5501 _b.F56 2015 |
||
| 100 | _aFlores, Annette Acacio | ||
| 245 |
_aMga tala sa dagat / _cisinulat ni Annette Acacio Flores; isinalin sa Filipino ni Nanoy Rafael |
||
| 250 | _a2nd edition | ||
| 260 |
_aQuezon City: _bAdarna House, _cc2014. |
||
| 300 |
_a94 pages; _c20 cm. |
||
| 520 | _aIsang pag-iibigan ang nabuo sa pagitan ng prinsesa at ng isang mangingisda. Isang bata ang kailangang isuko ang paglalaro at pag-aaral, alang-alang sa pagiging pinakamahusay na mangingisda ng bayan. Nauugnay ang lahat ng ito ng isang pangako, isang pangako tungkol sa higanteng dagat na may dala-dalang mga tala. Ito ang kwento ng isang pamilya ng mga mangingisda at ng kanilang tadhanang nakatali sa dagat. | ||
| 650 |
_2Library of Congress Subject Headings _aPhilippine fiction |
||
| 700 |
_aRafael, Nanoy _etranslator |
||
| 942 |
_2lcc _cBK |
||
| 999 |
_c353657 _d353657 |
||